000 00622nam a2200193Ia 4500
003 LDD
008 190117s9999 xx 000 0 und d
020 _a8171785735
_c₹25
040 _cLDD
041 _ahi
082 _a8h3.7 शु1166आ
100 _aशुक्ल, श्री लाल
245 0 _aआदमी की जहर
_cश्री लाल शुक्ल
260 _aनई दिल्ली
_bराजकमल
_c1997
300 _a138
901 _aHBC
904 _aReqst by : आशा एस कंवर
942 _2ddc
_cH
999 _c171964
_d171964